ARRUPE JESUIT UNIVERSITY

CORONAVIRUS -STOP THE SPREAD - CLEAN,DISINFECT,COVER

Dialogues on modern physics (Record no. 7403)

MARC details
000 -LEADER
fixed length control field 00465nam a2200205Ia 4500
003 - CONTROL NUMBER IDENTIFIER
control field 0100
008 - FIXED-LENGTH DATA ELEMENTS--GENERAL INFORMATION
fixed length control field 130303s9999 xx 000 0 und d
020 ## - INTERNATIONAL STANDARD BOOK NUMBER
International Standard Book Number 9810231911
040 ## - CATALOGING SOURCE
Transcribing agency ARRUPELIB
050 ## - LIBRARY OF CONGRESS CALL NUMBER
Classification number QC174.12.S224 1998
300 ## - PHYSICAL DESCRIPTION
Other physical details 125 p. 23 cm
100 ## - MAIN ENTRY--PERSONAL NAME
Personal name Sachs, Mendel
245 ## - TITLE STATEMENT
Title Dialogues on modern physics
260 ## - PUBLICATION, DISTRIBUTION, ETC. (IMPRINT)
Place of publication, distribution, etc Singapore
260 ## - PUBLICATION, DISTRIBUTION, ETC. (IMPRINT)
Name of publisher, distributor, etc World scientific
260 ## - PUBLICATION, DISTRIBUTION, ETC. (IMPRINT)
-- 1998
300 ## - PHYSICAL DESCRIPTION
Extent xxi
700 ## - ADDED ENTRY--PERSONAL NAME
Personal name Mendel Sachs
942 00 - ADDED ENTRY ELEMENTS (KOHA)
Koha issues (borrowed), all copies 1
Holdings
Withdrawn status Lost status Source of classification or shelving scheme Damaged status Not for loan Collection code Home library Current library Shelving location Date acquired Total Checkouts Full call number Barcode Date last seen Date checked out Copy number Price effective from Koha item type
    Library of Congress Classification     Main Collection ARRUPE LIBRARY ARRUPE LIBRARY   04/03/2013 4 QC174.12.S224 1998 46003070114 11/12/2023 27/11/2023 1 04/03/2013 Monograph ( Printed materials)

 

Arrupe Library. PO Box MP320 Mt Pleasant, Harare, Zimbabwe
263 242 745411|librarian@aju.ac.zw